000 00539nam a2200217Ia 4500
003 OSt
005 20230510101046.0
008 210423s1978 xx 000 0 und d
040 _cAL
041 _aeng
082 _a307.72
_223
_bDESR
100 _aDESAI (A R)
_9101885
245 _aRural sociology in india
260 _aMumbai
_bPopular Prakashan
_c1978
300 _bPB
365 _b595
_cINR
650 _aRural Communities
_9101886
650 _aSociology
_9101887
906 _aindia ; Rural ; sociology
942 _2ddc
_cBK
999 _c171757
_d171757